Máximos goleadores de la historia de la Champions League - Estadísticas

Estadísticas generales
  • Esta prueba ha sido intentada 5.532 veces
    4.809 desde el último reinicio
  • La puntuación promedio es 17 de 31
Estadísticas de respuestas
Goles Nombre Nacionalidad % Correcto
140 Cristiano Ronaldo Portugal
100%
129 Lionel Messi Argentina
100%
105 Robert Lewandowski Polonia
88%
55 Kylian Mbappé Francia
87%
49 Erling Haaland Noruega
80%
47 Mohamed Salah Egipto
80%
90 Karim Benzema Francia
77%
34 Gerd Müller Alemania Occidental
76%
57 Thomas Müller Alemania
76%
48 Zlatan Ibrahimović Suecia
71%
44 Didier Drogba Costa de Marfil
70%
71 Raúl González España
69%
43 Neymar Brasil
68%
49 Alfredo Di Stéfano España/Argentina
64%
50 Thierry Henry Francia
56%
30 Samuel Eto'o Camerún
55%
48 Andriy Shevchenko Ucrania
51%
36 Ferenc Puskás Hungría
51%
40 Harry Kane Inglaterra
47%
35 Edinson Cavani Uruguay
46%
46 Eusébio Portugal
41%
31 Arjen Robben Países Bajos
40%
42 Alessandro Del Piero Italia
35%
56 Ruud van Nistelrooy Países Bajos
34%
42 Antoine Griezmann Francia
32%
41 Sergio Agüero Argentina
31%
30 Wayne Rooney Inglaterra
29%
46 Filippo Inzaghi Italia
20%
30 Kaká Brasil
16%
33 Fernando Morientes España
11%
30 Francisco Gento España
9%
No se encontraron pruebas coincidentes
Distribución de puntuación
Porcentaje de gente con cada puntuación
Porcentaje por número respondido
Historial de tus puntuaciones
No has intentado esta prueba desde el último reinicio